000 00662nam a2200241Ia 4500
003 OSt
005 20221007081209.0
006 a|||||r|||| 00| 0
007 ta
008 221006b |||||||| |||| 00| 0 eng d
020 _a9780199898275
024 _a45,678
037 _cTextual
040 _aFLL
_cFLL
_beng
041 _2eng
_aeng
082 _aV73:2:(Z), Q2
100 _aSEIDMAN Louis Michael
_9696661
245 0 _aOn constitutional disobedience
260 _aNew York
_bOxford Univerfsity Press USA
_c2012
300 _axii,162p.
_ccm.
942 _hV73:2:(Z), Q2
_cTEXL
_2CC
999 _c1162367
_d1162367